Sometimes - Juice WRLD Lyrics - Statistics

General Stats
  • This quiz has been taken 175 times
  • The average score is 308 of 495
Answer Stats
% Correct
So
100%
some
100%
sometimes
100%
Sometimes (x9)
100%
ns
99%
I
97%
me
97%
When
94%
my
91%
My
91%
wan'
90%
be
88%
lonely
86%
by
85%
the
82%
wanna
82%
in
81%
a
79%
do
79%
go
78%
get
76%
who
74%
on
73%
don’t
72%
don't
72%
to
72%
you
72%
know
69%
Know
69%
Perc'
69%
these
69%
mind
68%
Mind
68%
that
68%
and
67%
And
67%
pop
67%
dark
65%
exhale
65%
Inhale
65%
we
65%
.40
64%
homie
64%
it
64%
It
64%
take
63%
I'm
62%
I’m
62%
just
62%
Just
62%
gets
59%
got
59%
wild
58%
work
58%
bother
56%
no
56%
put
56%
there
56%
There
56%
harder
55%
it’s
55%
it's
55%
want
54%
breathin'
53%
like
53%
little
53%
of
53%
All
51%
home
50%
mean
50%
well
50%
feel
49%
is
49%
they
49%
They
49%
As
47%
bothered
47%
that's
47%
That's
47%
Where
47%
back
46%
I'll
46%
see
46%
What
46%
what
46%
world
46%
demons
45%
hate
45%
hell
45%
if
45%
love
45%
place
45%
Losin'
44%
wonder
44%
Wonder
44%
ain't
42%
gonna
42%
more
42%
she
42%
why
42%
Why
42%
for
41%
meet
41%
sanity
41%
I'ma
40%
live
40%
own
40%
right
40%
from
38%
Oh
38%
oh
38%
prolly
38%
ends
37%
follow
37%
fumblin'
37%
sittin’
37%
sleepin’
37%
top
37%
Yeah
37%
but
36%
fell
36%
high
36%
bad
35%
pit
35%
robbery
35%
soul
35%
wherever
35%
All's
33%
alone
33%
anymore
33%
leave
33%
next
33%
up
33%
bottomless
32%
demonic
32%
Hillary
32%
hope
32%
isn't
32%
lately
32%
better
31%
fuck
31%
keep
31%
property
31%
shit
31%
wrong
31%
ass
29%
call
29%
dead
29%
devil
29%
into
29%
off
29%
runnin'
29%
Scared
29%
Try
29%
killer
28%
Paranoia
28%
rich
28%
votin'
28%
way
28%
will
28%
Crazy
27%
fall
27%
lie
27%
pill
27%
strong
27%
ball
26%
choice
26%
enemies
26%
floor
26%
give
26%
inside
26%
Numb
26%
they'll
26%
could
24%
killin'
24%
one
24%
threats
24%
core
23%
documentary
23%
until
23%
vicinity
23%
raindrops
22%
takin'
22%
Tears
22%
meds
21%
Pick
21%
rock
21%
shootin'
19%
loadin'
18%
part
18%
ride
18%
score
18%
numbs
14%
nah
13%
No matching quizzes found
Score Distribution
Percent of People with Each Score
Percentile by Number Answered
Your Score History
You have not taken this quiz